000 01043nam0a22002651 4500
001 v19\rc\1952838
005 20250619205859.0
035 _a(NLR Aleph) 005037534
090 _a6757789
_c6757789
100 _a20080428e19131913|||y0rusy50 ca
101 0 _arus
102 _aRU
105 _aa z |||||
200 1 _aМышьяк в рельсах
_fГорн. инж. А.Н. Митинский
210 _aСанкт-Петербург
_cтипо-лит. Шредера
_d1913
215 _a12 с.
_cтабл.
_d27
311 _aОтт. из "Журн. Рус. металлург. о-ва". 1913 г.
488 0 _12001#$aЖурнал Русского металлургического общества$v1913
_tЖурнал Русского металлургического общества
700 1 _aМитинский
_bА.Н.
_f1875-1953
_gАлександр Николаевич
801 0 _aRU
_bNLR
_gpsbo
801 0 _aRU
_bRuMoRGB
_2psbo
801 1 _aRU
_bProSoft-M
_2rusmarc
852 _aNLR
_j34-12/184
942 _cBOOK
980 _aNB